Ochrana pre obe zúčastnené strany

Posudzovanie bonity a rizika nesplácania úverových produktov pomocou úverových registrov. Spoločný register bankových informácií na Slovensku. Banky ako povinní účastníci registra. Scoringové modely v popredí. Využitie informácií zo Sociálnej poisťovne bankami.

Salvato in:
Dettagli Bibliografici
Autore principale: Nagyová, Izabela
Natura: Capitolo di libro
Lingua:slovacco
Soggetti:
Tags: Aggiungi Tag
Nessun Tag, puoi essere il primo ad aggiungerne!!

MARC

LEADER 00000naa$a2200000$$$4500
001 0075157
005 20231019090034.0
041 0 |a slo 
044 |a SK 
245 1 0 |a Ochrana pre obe zúčastnené strany  |c Izabela Nagyová 
520 |a Posudzovanie bonity a rizika nesplácania úverových produktov pomocou úverových registrov. Spoločný register bankových informácií na Slovensku. Banky ako povinní účastníci registra. Scoringové modely v popredí. Využitie informácií zo Sociálnej poisťovne bankami. 
610 2 0 |a klienti 
610 2 0 |a úver 
610 2 0 |a registre 
610 2 0 |a banky 
100 1 |a Nagyová, Izabela